Zákazník budoucnosti. Posun v pojetí hodnot.
Nástup informačného veku a drobenie masových trhov industriálnej spoločnosti. V postindustriálnej spoločnosti neurčuje životný štýl spotreba, ale hierarchia hodnôt. Štúdia Stanfordského výskumného inštitútu VALS (Values and Lifestyles) rozdeľuje predstaviteľov dopytu budúcnosti do 4 skupín podľa hna...
Guardado en:
| Autor principal: | |
|---|---|
| Formato: | Capítulo de libro |
| Lenguaje: | checo |
| Materias: | |
| Etiquetas: |
Sin Etiquetas, Sea el primero en etiquetar este registro!
|
MARC
| LEADER | 00000naa a2200000 4500 | ||
|---|---|---|---|
| 001 | r005705 | ||
| 005 | 20221125081115.9 | ||
| 041 | 0 | |a cze | |
| 044 | |a [CS] | ||
| 245 | 1 | 0 | |a Zákazník budoucnosti. Posun v pojetí hodnot. |c I. Bureš |
| 520 | |a Nástup informačného veku a drobenie masových trhov industriálnej spoločnosti. V postindustriálnej spoločnosti neurčuje životný štýl spotreba, ale hierarchia hodnôt. Štúdia Stanfordského výskumného inštitútu VALS (Values and Lifestyles) rozdeľuje predstaviteľov dopytu budúcnosti do 4 skupín podľa hnacej sily dopytu: dopyt poháňaný spotrebou, vonkajšími signálmi, vnútornými hodnotami a integrovane poháňaným dopytom. | ||
| 610 | 2 | 0 | |a zákazníci |
| 610 | 2 | 0 | |a dopyt |
| 610 | 2 | 0 | |a spoločnosť postindustriálna |
| 610 | 2 | 0 | |a spotreba individuálna |
| 610 | 2 | 0 | |a štýl životný |
| 100 | 1 | |a Bureš, I. | |